=LDR 00000nam 2200000 4500 =001 INLIS000000000028450 =005 20130612130744 =008 ***********************************Ind** =035 ##$$0010-061300000028450 =041 ##$$a Ind =082 ##$$a 657 =090 ##$$a 657, Soe e =100 ##$$a Sumarso SR =245 ##$$a Edan, sebuah renungan tentang kemanusiaan, Soemarso SR =260 ##$$a 2002 $b Jakarta =300 ##$$a x, 180 hlm, 20 cm =650 ##$$a Akuntansi =850 ##$$a NBPNMAT =990 ##$$a 0001/BPAP-NTB/2015 =990 ##$$a 0001/BPAP-NTB/2016 =990 ##$$a 21602509/BPAP-NTB/2017